00735cam a22002171 4500001001300000003000400013005001700017008004100034010001700075035002000092040001900112042001200131050001600143060002200159110003800181245011800219260002300337300003300360500010700393999001700500sg 45000289 DLC20260227112747.0810815s1943 xx 000 0 eng  asg 45000289  a(OCoLC)14732634 aDLCcDNLMdDLC apremarc00aRA1054b.S60 aW 609bS678s 19432 aSociety of Medical Jurisprudence.10aSelected papers and discussions delivered before the Society of medical jurisprudence during 1939, 1940 and 1941. a[New York,cc1943] acover-title, 3 p. l., 138 p. a"Editorial committee: George L. Brodhead, M. D. [and others] ... Gustave J. Noback, PH. D., chairman." c90680d90680